The will to believe, and other essays in popular philosophy / (Record no. 20553)

MARC details
000 -LEADER
fixed length control field 00649nam a2200217Ia 4500
008 - FIXED-LENGTH DATA ELEMENTS--GENERAL INFORMATION
fixed length control field 210303s9999 xx 000 0 und d
016 ## - NATIONAL BIBLIOGRAPHIC AGENCY CONTROL NUMBER
Source reto2022b
040 ## - CATALOGING SOURCE
Original cataloging agency NLN
Language of cataloging English
100 ## - MAIN ENTRY--AUTHOR
Author JAMES, William
Dates associated with a name 1842-1910
Relator term aut
245 #4 - TITLE STATEMENT
Title The will to believe, and other essays in popular philosophy /
Statement of responsibility, etc William James
260 ## - PUBLICATION, DISTRIBUTION, ETC. (IMPRINT)
Place of publication New York :
Name of publisher Longmans, Green and Co.
Date of publication 1897
300 ## - COLLATION
Pagination xvii, 332p.
Other physical details ; 20cm
563 ## - BINDING INFORMATION
Binding note (pbk)
650 ## - TRACINGS
Main Subject Philosophy
650 ## - TRACINGS
Main Subject Belief and doubt
650 ## - TRACINGS
Main Subject Immortality.
650 ## - TRACINGS
Main Subject Human immortality.
942 ## - ADDED ENTRY ELEMENTS (KOHA)
Item type Books
050 ## - LIBRARY OF CONGRESS CALL NUMBER
Classification number B945.J2
Item number W5
082 ## - DEWEY DECIMAL CLASSIFICATION NUMBER
Classification number 191
Holdings
Withdrawn status Lost status Source of classification or shelving scheme Damaged status Not for loan Home library Current library Date acquired Total Checkouts Full call number Barcode. Date last seen Price effective from Koha item type
    Library of Congress Classification     LAGOS BRANCH National Library of Nigeria 04/03/2021   B945.J2 W5 2024-555555551000786 04/03/2021 04/03/2021 Books

National Library of Nigeria OPAC is powered by Koha